00320nam a2200121Ia 4500008004000000020001800040082001700058100002300075245002300098260004300121300001200164650002200176210210b1996 xxu||||| |||| 00| 0 eng d a0 75380 866 8 a823.914 GAAC aGAARDER (Jostein). aChristmas mystery. aGreat BritainbPhoenix Paperbackc1996 avii,247 aChristmas Mystery